Prioridades de conservación para el Escudo de Guayana : (Registro nro. 4045)

Detalles MARC
000 -CABECERA
Campo de control 00961nam a2200229 a 4500
005 - FECHA Y HORA DE LA ULTIMA TRANSACCION
Campo de control 20160115110836.0
008 - ELEMENTOS DE LONGITUD FIJA—INFORMACION GENERAL
Campo de control 140221b wau||||| |||| 00| 0 spa d
040 ## - FUENTE DE CATALOGACIÓN
Agencia catalogadora original CO-BoIAVH
Agencia transcriptora CO-BoIAVH
041 ## - IDIOMA
Código de idioma para texto/pista de sonido o título separado Español
044 ## - PAÍS DE PUBLICACIÓN
País de publicación Estados Unidos
082 04 - NUMERO DE CLASIFICACION DECIMAL DEWEY
Número de clasificación 333.72
Número del ítem C75p
245 00 - MENCION DE TITULO
Título Prioridades de conservación para el Escudo de Guayana :
Parte restante del título consenso 2002
260 ## - PUBLICACION, DISTRIBUCION, ETC. (PIE DE IMPRENTA)
Lugar de publicación, distribución, etc. Washington
Nombre del editor, distribuidor, etc. Conservation International
Fecha de publicación, distribución, etc. 2003
300 ## - DESCRIPCION FISICA
Extensión 101 p.
Otros detalles físicos il. (col), tablas, mapas
Material acompañante Mapa Prioridades de Conservación Escudo de Guayana CID-059867
650 ## - ASIENTO SECUNDARIO DE MATERIA - TERMINO TEMATICO
Término temático o nombre geográfico como elemento de entrada Conservación de los recursos naturales
Subdivisión geográfica América del Sur
9 (RLIN) 51595
650 ## - ASIENTO SECUNDARIO DE MATERIA - TERMINO TEMATICO
Término temático o nombre geográfico como elemento de entrada Conservación de los recursos naturales
Subdivisión geográfica Escudo de Guayana
9 (RLIN) 51596
651 6# - ASIENTO SECUNDARIO DE MATERIA - NOMBRE GEOGRAFICO
Nombre geográfico Conservación de la diversidad biológica
Subdivisión geográfica Escudo de Guayana.
9 (RLIN) 51597
651 6# - ASIENTO SECUNDARIO DE MATERIA - NOMBRE GEOGRAFICO
Nombre geográfico Cuencas hidrográficas
Subdivisión geográfica Escudo de Guayana
9 (RLIN) 51598
700 1# - ASIENTO SECUNDARIO - NOMBRE PERSONAL
Nombre personal Westermann, Olaf
9 (RLIN) 9119
710 2# - ASIENTO SECUNDARIO - NOMBRE CORPORATIVO
Nombre corporativo o de jurisdicción como elemento de entrada Netherlands Committee for the World Conservation Union
9 (RLIN) 9120
942 ## - ELEMENTOS ADICIONALES (KOHA)
Sistema de clasificación Local
Tipo de ítem Impreso
Existencias
Withdrawn status Lost status Sistema de Clasificación Damaged status No para préstamo Colección Inventariado Ubicación Permanente Ubicación actual Fecha de adquisición Fuente de Valor Valor Total Checkouts Número topográfico Inventario / Código de Barras Date last seen Ejemplar Price effective from Forma de adquisición Tipo de material Public note
    Dewey Decimal Classification     General   Bogotá Bogotá 21/02/2014       LB-333.72 C75p 059868 21/02/2014 Ej. 2 21/02/2014   Libro Incluye mapa plegable (CID-059867).
    Dewey Decimal Classification     General Inventariado 2017 Sala Fabio Quevedo Sala Fabio Quevedo 12/08/2004 Instituto 15000.00   LB-333.72 C75p 016419 04/12/2012 Ej. 1 04/12/2012   Libro Incluye mapa plegable (CID-016420).
    Local     General Inventariado 2017 Sala Fabio Quevedo Sala Fabio Quevedo 12/08/2004 Instituto 15000.00   LB-03745 016420 04/12/2012 Ej. 2 04/12/2012   Libro Guayana shield: conservation priorities